Analýza nákladov v dvojstupňovej úlohe rozvozu diplomová práca

Guardado en:
Detalles Bibliográficos
Autor principal: Vass, Gabriel
Autor Corporativo: Fakulta hospodárskej informatiky EU. Katedra operačného výskumu a ekonometrie
Otros Autores: Čičková, Zuzana, 1978-
Formato: Libro
Lenguaje:eslovaco
Publicado: Bratislava 2016
Etiquetas: Agregar Etiqueta
Sin Etiquetas, Sea el primero en etiquetar este registro!

MARC

LEADER 00000nbm a2200000 4500
001 0216838
005 20170215095721.3
041 0 |a slo 
044 |a SK 
245 1 0 |a Analýza nákladov v dvojstupňovej úlohe rozvozu  |b diplomová práca  |c Gabriel Vass ; školiteľ: Zuzana Čičková 
264 1 |a Bratislava  |c 2016 
300 |a 63 s. 
100 1 |a Vass, Gabriel 
700 1 |a Čičková, Zuzana, 1978- 
710 2 |a Fakulta hospodárskej informatiky EU. Katedra operačného výskumu a ekonometrie